00448nam a2200193Ia 4500008004100000020001800041050001400059100001600073245001700089245001600106260001500122260001600137260000900153300001500162300002700177300001000204440003200214500000800246170918s9999 xx 000 0 und d a9780439876445 bB344 2006 aBauer, Jeff aLightning! / cJeff Bauer. aNew York : bScholastic, c2006 a16 pages : bcolored illustration ; c23cm. aScience vocabulary readers. a520